| 000 | 00699nam a2200253 a 4500 | ||
|---|---|---|---|
| 003 | AR-BaBNM | ||
| 005 | 20251128205835.0 | ||
| 008 | 082120s2002 ||||||||||||||000 | spa|| | ||
| 040 | _cAR-BaBNM | ||
| 100 | 1 | _aWincour, Marcos | |
| 245 | 0 | 0 |
_aFidel Castro _bla revolución cubana |
| 260 |
_aBuenos Aires _bCentro Editor de América Latina _c1985 |
||
| 300 |
_ap. 197-224 _bil., láms. |
||
| 490 | 0 |
_aHistoria de América en el siglo XX _vv. 38 |
|
| 500 | _aCronología p. 222-224 | ||
| 650 | 4 | _aHISTORIA POLITICA | |
| 650 | 4 | _aHISTORIA SOCIAL | |
| 650 | 4 | _aHISTORIA LATINOAMERICANA | |
| 650 | 4 | _aBIOGRAFIAS | |
| 650 | 4 | _aREVOLUCION | |
| 651 | 4 | _aCuba | |
| 942 | _cBK | ||
| 998 | _cMariana | ||
| 999 |
_c13005 _d13005 |
||